000 00449nam a22001697a 4500
003 NUST - PNEC
005 20170116180930.0
008 150905b xxu||||| |||| 00| 0 eng d
020 _a-
040 _cLIBRARY
082 _a621.31042 SIM
100 _98241
_aSimmons, S.
245 _aIntroduction to generalized electrical machine theory
_cS. Simmons
260 _cc.2000
650 _98244
_aElectrical engineering
_xEE , EL
942 _2ddc
_cBK
999 _c65903
_d65903